| 000 | 00542nam a2200217Ia 4500 | ||
|---|---|---|---|
| 008 | 170918s9999 xx 000 0 und d | ||
| 020 | _a9780439746380 | ||
| 050 | _bA655 2006 | ||
| 100 | _aApte, Sunita | ||
| 245 | _aRide the whale : | ||
| 245 | _ba surfer tall tale / | ||
| 245 | _cSunita Apte ; illustrated by Kyle Feed. | ||
| 260 | _aNew York : | ||
| 260 | _bScholastic, | ||
| 260 | _c2006 | ||
| 300 | _a16 pages : | ||
| 300 | _bcolored illustration ; | ||
| 300 | _c23cm. | ||
| 440 | _aScholastic FX books. | ||
| 500 | _a350 | ||
| 999 |
_c341233 _d341233 |
||